مكتبة جامعة عجلون الوطنية

فهرس بحث المكتبة

الحرب العالمية الاولى 1914-1918م (Record no. 30867)

MARC details
000 -LEADER
fixed length control field 00867nam a2200229Ii 4500
003 - CONTROL NUMBER IDENTIFIER
control field JO-AjNU
008 - FIXED-LENGTH DATA ELEMENTS--GENERAL INFORMATION
fixed length control field 230605s9999||||xx |||||||||||||| ||und||
017 ## - COPYRIGHT OR LEGAL DEPOSIT NUMBER
Copyright or legal deposit number 2013/8166
020 ## - INTERNATIONAL STANDARD BOOK NUMBER
International Standard Book Number 978-977-436-362-1
040 ## - CATALOGING SOURCE
Original cataloging agency JO-AjNU
Language of cataloging ara
Description conventions rda
Transcribing agency JO-AjNU
041 ## - LANGUAGE CODE
Language code of text/sound track or separate title ara
050 14 - LIBRARY OF CONGRESS CALL NUMBER
Classification number D521 2017
100 3# - MAIN ENTRY--PERSONAL NAME
Personal name تأليف: سلامة، اسامة,
Relator term author
9 (RLIN) 60530
245 00 - TITLE STATEMENT
Title الحرب العالمية الاولى 1914-1918م
250 ## - EDITION STATEMENT
Edition statement الطبعة الثانية
264 31 - PRODUCTION, PUBLICATION, DISTRIBUTION, MANUFACTURE, AND COPYRIGHT NOTICE
Place of production, publication, distribution, manufacture مصر/ الجيزة: الدار العالمية للكتب والنشر/مكتبة النافذة، 2017
300 ## - PHYSICAL DESCRIPTION
Extent 269ص
Other physical details يحتوي على ببلوغرافيا من ص 263-269ص
336 ## - CONTENT TYPE
Content type term text
Content type code txt
Source rdacontent
337 ## - MEDIA TYPE
Media type term unmediated
Media type code n
Source rdamedia
338 ## - CARRIER TYPE
Carrier type term volume
Carrier type code nc
Source rdacarrier
650 #4 - SUBJECT ADDED ENTRY--TOPICAL TERM
Topical term or geographic name entry element الحرب العالمية الاولى - التاريخ
9 (RLIN) 60531
Holdings
Withdrawn status Lost status Source of classification or shelving scheme Damaged status Not for loan Home library Current library Shelving location Date acquired Total Checkouts Full call number Barcode Date last seen Price effective from Koha item type
    Library of Congress Classification     مكتبة جامعة عجلون الوطنية مكتبة جامعة عجلون الوطنية المجموعات العامة 06/06/2023   D521 2017 A27299 06/06/2023 06/06/2023 Books